Statistics for U.S. States with Three or More National Historical Parks

Click here to take the quiz!

General Stats

  • This quiz has been taken 32 times
  • The average score is 7 of 11

Answer Stats

CountState% Correct
3New York
93%
3Texas
89%
6Massachusetts
81%
3Pennsylvania
78%
5Virginia
78%
3Maryland
63%
3New Jersey
59%
3New Mexico
52%
5Washington
52%
3Hawaii
48%
3Louisiana
48%

Score Distribution

Percentile by Number Answered

Percent of People with Each Score

Your Score History

You have not taken this quiz